Top Destinations from San Francisco Airport (SFO) - Statistics

General Stats
  • This quiz has been taken 498 times
  • The average score is 16 of 20
Answer Stats
Passengers Answer % Correct
1,168,000 New York-JFK
96%
1,826,000 Los Angeles
95%
1,243,000 Chicago-O'hare
93%
993,000 Seattle/Tacoma
92%
646,000 Dallas/Fort Worth
91%
911,760 London-Heathrow
88%
542,925 Tokyo-Narita
87%
800,000 Denver
86%
447,623 Paris-Charles de Gaulle
86%
1,089,000 Las Vegas
84%
792,000 San Diego
82%
408,491 Beijing-Capital
79%
658,000 Phoenix
77%
592,294 Vancouver
76%
411,261 Toronto-Pearson
75%
711,003 Seoul-Incheon
74%
821,286 Hong Kong
69%
648,658 Frankfurt
65%
715,780 Taipei-Taoyuan
53%
803,000 Newark
48%
No matching quizzes found
Score Distribution
Percent of People with Each Score
Percentile by Number Answered
Your Score History
You have not taken this quiz